01661nam a2200289 a 450000100100000000500170001000800410002704000250006808200250009311000610011824501120017926000550029130000190034659000260036561000600039165000850045165000460053670000400058291000410062295201230066395201230078695201080090995201150101795201080113295201140124099900170135400002426520240229073821.0090903s2009 dr 001 0 spa d aDO-SdBNPbspacBNPHU a348.044bR426p, 20081 aRepública Dominicana.bSuprema Corte de Justicia9790610aPrincipales sentencias de la Suprema Corte de Justicia :baño 2008 /cpresentación Jorge A. Subero Isa. aSanto Domingo :bSuprema Corte de Justicia,c2009. a2 v. ;c23 cm. aInventariado, 2018/BT14aREPÚBLICA DOMINICANAbSUPREMA CORTE DE JUSTICIA97906 4aJurisprudenciaxRecopilaciones, repertorios, etc.zRepública Dominicana919125 4aSentenciaszRepública Dominicana9191241 aSubero Isa, Jorge A.,d1947-976863 aValidado. Control de calidad MMOLINA 001054708PDaGRbGRcHDd2011-01-25iLF1l0ov. 1, e. 3p24265-30r2020-06-25w2020-06-25yLFPDZPréstamo en sala 001054708PDaGRbGRcHDd2011-02-03iLF1l0ov. 2, e. 3p24265-60r2020-06-25w2020-06-25yLFPDZPréstamo en sala 0010718PDaPDbPDcHDd2011-01-25iLF1l0ov. 1p24265-10r2020-06-25w2020-06-25yLFPDZNo se presta 0010718PDaPDbPDcHDd2011-01-25iLF1l0ov. 1, e. 2p24265-20r2020-06-25w2020-06-25yLFPDZNo se presta 0010718PDaPDbPDcHDd2011-01-25iLF1l0ov. 2p24265-40r2020-06-25w2020-06-25yLFPDZNo se presta 0010718PDaPDbPDcHDd2011-01-25iLF1l0ov. 2, e. 2p24265-50r2020-06-25w2020-06-25yLFPDZNo se presta c23759d23759